000
00327nam a22001577a 4500
003
SGT
020
_a
9788124802649
082
_a
820,CON
100
_a
CONGREVE
245
_a
THE WAY OF THE WORLD
250
_a
1ST
260
_a
NEW DELHI
_b
PEACOCK BOOKS
_c
2020
300
_a
92
650
_a
ENGLISH
942
_2
ddc
_c
BK
_0
44
999
_c
19740
_d
19740